00703 a2200205 4500020001500000020001800015024001800033035002300051040001300074082001300087100002100100245008200121260005300203300003400256650003600290650003500326650003400361700002100395856008100416 a0470024348 a97804700243483 a9780470024348 a(OCoLC)ocm70195828 aDLCbDLC0 a621.38211 aChen, Hsiao-Hwa.10aNext generation wireless systems and networkscHsiao-Hwa Chen, Mohsen Guizani aChichester ;aHoboken, NJ :bJohn Wiley,cc2006. axiv, 498 p. :bill. ;c26 cm. 0aWireless communication systems. 0aCode division multiple access. 0aMobile communication systems.1 aGuizani, Mohsen.413Table of contents onlyuhttp://www.loc.gov/catdir/toc/fy0701/2006298187.html